| 000 | 02104nam0a2200337 4500 | ||
|---|---|---|---|
| 001 | RU\NLR\bibl\460755 | ||
| 005 | 20260407134243.0 | ||
| 021 |
_aRU _b2003-50105 _92420 |
||
| 035 | _a(NLR Aleph) 000454217 | ||
| 090 |
_a893144 _c893144 |
||
| 100 | _a20031117d2003 |||y0rusy50 ca | ||
| 101 | 0 | _arus | |
| 102 | _aRU | ||
| 105 | _aa ||||||||| | ||
| 200 | 1 |
_aДиагностические и реабилитационные мероприятия по профилактике стрессовых расстройств и суицидов среди сотрудников ГПС МЧС России _eМетод. рекомендации _fМ-во Рос. Федерации по делам гражд. обороны, чрезв. ситуациям и ликвидации последствий стихийн. бедствий. Гл. упр. гос. противопожар. службы, Федер. гос. учреждение "Всерос. НИИ противопожар. обороны" _g[К.т.н. М.Н. Поляков и др.] |
|
| 210 |
_aМ. _cВНИИПО _d2003 |
||
| 215 |
_a130 с. _cил. _d21 |
||
| 320 | _aБиблиогр.: с. 96-99 (45 назв.) | ||
| 606 | 0 |
_aПосттравматическое стрессовое расстройство _jМетодические пособия _92239047 _3RU\NLR\auth\661343619 |
|
| 606 | 0 |
_aСпециалисты экстремального профиля _jМетодические пособия _xПсихологические исследования _92305291 _3RU\NLR\auth\661379962 |
|
| 606 | 0 |
_aСпасатели МЧС _jМетодические пособия _xБолезни _xПрофилактика _92316390 _3RU\NLR\auth\661386013 |
|
| 686 | _aЮ93-69я78 | ||
| 686 | _aЮ941.199я78 | ||
| 686 | _aР124.69-4я8 | ||
| 702 | 1 |
_aПоляков _bМ. Н. _4220 |
|
| 712 | 0 | 2 |
_4570 _aВсероссийский НИИ противопожарной обороны _9499810 _3RU\NLR\AUTH\8810001328 |
| 801 | 0 |
_aRU _bNLR _c20031117 _gPSBO |
|
| 801 | 1 |
_aRU _bNLR _c20031117 |
|
| 942 | _cBOOK | ||
| 980 | _aNB | ||